01297nab a22002297a 4500003000400000005001700004008004100021040000700062100002500069245016600094260007300260300001500333500004500348505033500393505009000728650002800818650003600846650001100882653002300893653001800916773013300934OSt20250306130020.0190603e xxum|||| |||| 00| 0 spa d cPJ aDepetris, Carlos E. 13aEl beneficio de justicia gratuita y las costas en acciones individuales de consumo. Alternativas de decisión y consecuencias prácticas /cCarlos E. Depetris. cCiudad Autónoma de Buenos Aires :aThomson Reuters La Ley, b2024. ap. 229-239 aCita Online: TR LALEY AR/DOC/1624/2024.  aSumario: I. Introducción.— II. El problema de las costas en los procesos de consumo.— III. Significado y alcances del beneficio de gratuidad concedido al consumidor.— IV. Las posibilidades de decisión y sus implicancias prácticas.— V. Las excepciones a la condena provisoria propuesta.— VI. Conclusiones generales. t¿Te interesa el texto completo? Solicitalo al correo: koha@justierradelfuego.gov.ar  0aDERECHOS DEL CONSUMIDOR 0aBENEFICIO DE LITIGAR SIN GASTOS 0aCOSTAS aFORMA DEL CONTRATO aFORMA ESCRITA0 02713dCiudad Autónoma de Buenos Aires : Thomson Reuters La Ley, 2015-tRevista Código Civil y Comercial. Nº 4 - Agosto 2024